| 000 | 00653nam a2200229Ia 4500 | ||
|---|---|---|---|
| 003 | OSt | ||
| 005 | 20221007072314.0 | ||
| 006 | a|||||r|||| 00| 0 | ||
| 007 | ta | ||
| 008 | 221006b |||||||| |||| 00| 0 eng d | ||
| 024 | _a27,411 | ||
| 037 | _cReports / Technical Reports | ||
| 040 |
_aFLL _cFLL _beng |
||
| 041 |
_2eng _aeng |
||
| 082 | _aZ63vN5, K0;1 | ||
| 100 |
_aKeeton George W. Ed. _9492114 |
||
| 245 | 0 | _aBritish commonwealth | |
| 260 |
_aLondon _bStevens & Sons Limited UK _c1960 |
||
| 300 |
_axxx,900p _ccm. |
||
| 942 |
_hZ63vN5, K0;1 _cREP _2CC |
||
| 999 |
_c1145694 _d1145694 |
||